El Lazarillo de Tormes ; El diablo cojuelo / (Registro nro. 9221)

Detalles MARC
000 -LIDER
fixed length control field 01166nam a2200337 a 4500
001 - NÚMERO DE CONTROL
Identificador de número de control 00331
003 - IDENTIFICACDOR DE NÚMERO DE CONTROL
control field DO-SdBNP
005 - DATE AND TIME OF LATEST TRANSACTION
control field 20240719114418.0
007 - CAMPOS FIJOS DE DESCRIPCIÓN FÍSICA
fixed length control field 00331
008 - ELEMENTOS DE LONGITUD FIJA
fixed length control field 081127s1970 sp a 000 0 spa d
040 ## - FUENTE DE CATALOGACIÓN
Agencia que crea de manera original el registro BPMSU
Idioma de catalogación spa
Agencia que realiza la transcripción BPMSU
082 #4 - NÚMERO DE CLASIFICACIÓN DECIMAL DE DEWEY
Classification number 863.3
Item number V436l 1970
Edition number 22
092 ## - LOCALLY ASSIGNED DEWEY DECIMAL CALL NUMBER
Número de clasificación 863.3
Número de ítem (Cutter) L431t
100 1# - ASIENTO PRINCIPAL -- NOMBRE PERSONAL
Nombre personal Vélez de Guevara, Luis,
Fechas asociadas con el nombre 1579-1644
245 10 - MENCIÓN DE TITULO
Título El Lazarillo de Tormes ; El diablo cojuelo /
Mención de responsabilidad Luis Velez de Guevara ;edicion y notas de Inmaculada Ferrer ; prólogo de Francisco Rico
246 13 - VARIACION DEL TÍTULO
Título propiamente dicho o título corto El diablo cojuelo
250 ## - MENCIÓN DE EDICION
Mención de edición
260 ## - PUBLICACIÓN, DISTRIBUCIÓN, ETC. (PIE DE IMPRENTA)
Lugar de publicación, distribución, etc Navarra, España :
Nombre del editor, distribuidor, etc. Salvat Editores,
Fecha de publicación, distribución, etc 1970
300 ## - DESCRIPCIÓN FÍSICA
Extensión 83,178 p. ;
Dimensiones 19 cm.
490 0# - MENCIÓN DE SERIES
Mención de serie Biblioteca básica,
Volume/sequential designation 65
500 ## - NOTA GENERAL
Nota general Incluye referencias bibliográficas y notas al pie de las páginas
563 ## - INFORMACIÓN DE LA ENCUADERNACIÓN
Nota de la encuadernación Dos obras encuadernadas juntas con paginación continua
590 ## - NOTA LOCAL
Texto de la nota local Inventariado, 2024/VM
650 #4 - ENCABEZAMIENTO DE MATERIA--TEMÁTICO
Término temático o nombre geográfico como elemento de entrada Novela española
650 #4 - ENCABEZAMIENTO DE MATERIA--TEMÁTICO
Término temático o nombre geográfico como elemento de entrada Literatura picaresca española.
700 1# - ASIENTO SECUNDARIO -- NOMBRE PERSONAL
Nombre personal Francisco Rico
Mención de responsabilidad prólogo
710 2# - ASIENTO SECUNDARIO -- NOMBRE CORPORATIVO
Nombre corporativo o de jurisdicción Biblioteca Básica (Salvat)
740 ## - ASIENTO SECUNDARIO DE TÍTULOS RELACIONADOS O ANALÍTICOS NO CONTROLADOS
Título analítico o relacionado no controlado El diablo cojuelo.
910 ## - VALIDACIÓN
Validación VMateo V. Control de caliad. BPMSU
942 ## - ADDED ENTRY ELEMENTS (KOHA)
Source of classification or shelving scheme Dewey Decimal Classification
Koha item type Libros
Existencias
Withdrawn status Lost status Source of classification or shelving scheme Damaged status Not for loan Collection code Home library Current library Date acquired Total Checkouts Full call number Barcode Date last seen Price effective from Koha item type
    Dewey Decimal Classification     Colección Juvenil General Biblioteca Pública Metropolitana Salomé Ureña Biblioteca Pública Metropolitana Salomé Ureña 07/19/2024   BPMSU CJG 863.3 V436l 1970 BPMSU24070087 07/19/2024 07/19/2024 Libros